[Event "32nd GER-ch Seniors-50 2020"]
[Site "Magdeburg"]
[Date "2020.08.15"]
[Round "2.2"]
[White "Schober, Ralf"]
[Black "Becker, Michael"]
[Result "0-1"]
[WhiteElo "2030"]
[BlackElo "2275"]
[Annotator "TA"]
[PlyCount "114"]
[EventDate "2020.08.14"]
[EventType "swiss"]
[EventCountry "GER"]
[SourceTitle "playchess.com"]
[Source "ChessBase"]
[SourceQuality "1"]

{[%evp 9,114,5,26,18,18,16,18,18,22,-19,-10,-16,24,9,7,10,52,8,33,8,44,29,29,0,0,0,0,0,0,-13,0,-21,-25,-23,-22,-111,-110,-152,-145,-150,-148,-152,-154,-152,-144,-150,-144,-152,-145,-145,-102,-116,-88,-152,-142,-175,-165,-165,-165,-210,-175,-175,-175,-175,-175,-175,-175,-175,-175,-186,-186,-197,-197,-197,-186,-179,-179,-180,-156,-156,-156,-156,-150,-257,-259,-276,-269,-272,-270,-273,-266,-238,-240,-373,-370,-361,-360,-331,-331,-514,-485,-1253,-1141,-1384,-1300,-922,-778]} 1. d4 Nf6 2. Bg5 Ne4 3. Bf4 e6 4. f3 Bd6 5. Bxd6 Nxd6 6. e4 {A45: Trompowsky Attack.} O-O 7. Nc3 {[#]} a6 $146 ({Predecessor:} 7... Nc6 8. Qd2 Rb8 9. O-O-O b5 10. d5 Ne5 11. Qd4 Qf6 12. Nh3 Qh6+ 13. Kb1 Nec4 {½-½ (36) Winants,L (2516)-Hausrath,D (2526) Belgium 2007}) 8. Bd3 {The position is equal.} b5 9. Nce2 Bb7 10. Nh3 Nc6 {[%cal Bb8c6,Bc6e7,Be7d5,Bd5e3][%mdl 32]} 11. c3 f5 {[#] White must now prevent ...Qh4+.} 12. O-O Ne7 {[%cal Rf5e4]} 13. exf5 Ndxf5 14. Qb1 Nd5 15. Ng3 {[%cal Rg3f5]} Nde3 16. Bxf5 Nxf5 17. Qe1 Qe7 18. Qe5 d6 $36 {[%mdl 2048] Black fights for an advantage.} 19. Qe1 (19. Qe2 {seems wilder.} Rae8 20. Nxf5 exf5 21. Qxe7 Rxe7 22. a4) 19... Rae8 20. Nxf5 Rxf5 21. Nf2 e5 22. Rd1 (22. Nh1 $11 {keeps the balance.}) 22... Qf7 $17 23. d5 Bxd5 24. b3 Bc6 25. Ne4 Rf4 26. Qe3 Rf8 {[#] Threatens to win with ...Bxe4.} 27. Nd2 h5 28. Rc1 h4 29. h3 Ra8 30. Rfe1 a5 {[%cal Ba6a5,Ba5a4][%mdl 32]} 31. Rc2 (31. c4 $142) 31... a4 32. b4 Bd5 33. a3 c6 34. Qb6 Qa7 35. Qxa7 Rxa7 36. Rec1 {intending c4.} Bc4 37. Re1 Kf8 38. Rcc1 Ke7 39. Kf2 Ke6 40. Rcd1 d5 41. Re3 Rf5 42. Rde1 Rc7 43. Kg1 g5 44. Rb1 Rb7 45. Kh2 Kf6 46. g3 (46. Rbe1 $17) 46... hxg3+ $19 47. Kxg3 Rf4 48. Rbe1 Re7 49. Kg2 Rh4 50. Kg3 Kf5 51. Kg2 (51. Nb1 $142) 51... Kf4 52. Nxc4 bxc4 {KRR-KRR} ({Weaker is} 52... dxc4 53. Re4+ Kf5 54. R4e3 $17) 53. R3e2 e4 54. fxe4 (54. Re3 $142 Re5 55. R1e2) 54... Rxe4 {Black is clearly winning.} 55. Rxe4+ (55. Rf2+ $142 Ke5 56. Ref1) 55... dxe4 56. Rd1 g4 57. hxg4 Rxg4+ {Accuracy: White = 63%, Black = 87%.} 0-1

[Event "32nd GER-ch Seniors-50 2020"]
[Site "Magdeburg"]
[Date "2020.08.15"]
[Round "2.3"]
[White "Valet, Richard"]
[Black "Koehler, Gerhard"]
[Result "0-1"]
[WhiteElo "2023"]
[BlackElo "2213"]
[Annotator "TA"]
[PlyCount "60"]
[EventDate "2020.08.14"]
[EventType "swiss"]
[EventCountry "GER"]
[SourceTitle "playchess.com"]
[Source "ChessBase"]
[SourceQuality "1"]

{[%evp 18,59,0,-26,-17,-25,0,0,0,-19,8,-8,0,-18,0,-72,-81,-83,-85,-61,-26,-74,-80,-79,-78,-77,-81,-141,-106,-164,-172,-233,-253,-1630,-860,-864,-858,-802,-772,-1110,-1046,-1454,-1447,-29999]} 1. e4 c5 2. Nc3 Nc6 3. g3 g6 4. Bg2 Bg7 5. d3 e5 6. f4 d6 7. Nf3 Nge7 8. O-O O-O 9. h3 Nd4 10. Be3 exf4 {B25: Closed Sicilian: 3 g3, lines without early Be3.} 11. Bxf4 Qb6 {[#]} 12. Rb1 $146 ({Predecessor:} 12. Ne2 Nxf3+ 13. Rxf3 d5 14. g4 dxe4 15. dxe4 Rd8 16. Qe1 Qxb2 17. Rc1 Be6 18. Qh4 {0-1 (30) Fierro Munoz,H-Navarro Guerrero,M (2019) Punta Arenas 2010}) 12... Be6 {The position is equal.} 13. Qd2 Rae8 14. Bh6 f6 15. Rf2 Nec6 16. Nd5 (16. Nxd4 $11 cxd4 17. Nd5 Bxd5 18. Bxg7 Kxg7 19. exd5) 16... Bxd5 $17 17. exd5 {And now Bxg7 would win.} Bxh6 18. Qxh6 Nf5 19. Qf4 {[#]} Ncd4 $1 {[%cal Rd4e2]} 20. Nxd4 cxd4 21. g4 Ne3 22. Bf3 (22. Be4 $142) 22... Rc8 23. Qh6 {[#]} (23. Qh2 $17) 23... f5 $1 $19 ({Weaker is} 23... Rxc2 24. Rxc2 Nxc2 25. Rc1 $11) (23... Nxc2 24. Be4 $11) 24. Kh1 (24. gxf5 $142 Rxf5 25. Bg4 Nxg4 26. hxg4 Rxf2 27. Kxf2) 24... fxg4 ({Not} 24... Rxc2 25. Rxc2 Nxc2 26. gxf5 $11) 25. Rg1 $2 (25. hxg4 Nxc2 26. g5) 25... Nf5 26. Qg5 gxf3 27. Rxf3 Ng7 28. Rfg3 Rxc2 29. Qe7 Qxb2 {[%csl Gb2][%cal Rc2h2]} 30. Rxg6 Rh2# {Accuracy: White = 38%, Black = 68%.} 0-1

[Event "32nd GER-ch Seniors-50 2020"]
[Site "Magdeburg"]
[Date "2020.08.15"]
[Round "2.4"]
[White "Metz, Hartmut"]
[Black "Zuehlke, Burkhard"]
[Result "1-0"]
[WhiteElo "2209"]
[BlackElo "2005"]
[Annotator "TA"]
[PlyCount "81"]
[EventDate "2020.08.14"]
[EventType "swiss"]
[EventCountry "GER"]
[SourceTitle "playchess.com"]
[Source "ChessBase"]
[SourceQuality "1"]

{[%evp 18,81,42,38,35,37,59,10,3,0,6,0,0,-13,0,-80,0,-23,-16,-19,0,0,0,0,0,-74,0,6,39,41,36,17,22,8,66,-8,106,102,95,85,100,104,245,245,248,195,195,189,192,133,107,18,97,98,215,214,29984,29985,29985,29986,29996,29997,29997,29997,29997,29998]} 1. e4 d6 2. d4 Nf6 3. Nc3 g6 4. f4 Bg7 5. Nf3 O-O 6. Bd3 Na6 7. O-O c5 8. d5 Bg4 9. h3 Bxf3 10. Rxf3 Nc7 {B09: Pirc Defence: Austrian Attack.} 11. a4 a6 12. Qe2 e6 {The position is equal.} 13. dxe6 Nxe6 14. Be3 Nd4 15. Bxd4 $1 cxd4 16. Nd1 {[#]} (16. Nd5 $11 {remains equal.}) 16... Qb6 $146 (16... Re8 $1 $17 {And now ...Nxe4! would win.} 17. Qd2 Nxe4 18. Bxe4 Rxe4) ({Predecessor:} 16... Re8 17. c4 Nxe4 18. Bxe4 d5 19. cxd5 f5 20. Nf2 fxe4 21. Nxe4 Qxd5 22. Re1 Re7 {0-1 (39) Ahmed,S (2234)-Tukhaev,A (2556) Ahmedabad 2018}) 17. Qd2 d5 18. a5 Qc5 19. e5 Ne4 20. Qe1 f5 21. Ra4 (21. h4 $11) 21... Rfb8 ({Black should try} 21... g5 $1 $17 {Threatens to win with ...gxf4.} 22. g3 Rf7) 22. Kh2 $11 b5 23. axb6 $1 Rxb6 24. Qa5 Bf8 25. g4 Kh8 (25... Kf7 $11) 26. Rf1 ({Better is} 26. Qxc5 $14 Bxc5 27. Ra5) 26... Rb4 (26... Qc6 $11) 27. Qxc5 $1 $16 Bxc5 28. Ra5 Bb6 29. Rxd5 {gxf5 is the strong threat.} Nd2 (29... Nc5 $16 {is a better defense.}) 30. Rf2 $18 (30. gxf5 Nxf1+ 31. Bxf1 gxf5 $14) 30... Nc4 31. Rd7 Ne3 32. Nxe3 dxe3 {[#]} 33. Rf3 (33. Rf1 $1 $18) 33... Rxb2 {[#] aiming for ...e2!} 34. Kg3 (34. Rf1 $1 $16) 34... fxg4 (34... a5 $1 $11 {keeps the balance.} 35. gxf5 gxf5) 35. hxg4 $16 Re8 (35... Rxc2 $16 36. Rxe3 (36. Bxc2 e2 $16) 36... Bxe3 37. Bxc2 g5) 36. Rf1 $18 {Hoping for Rh1!} ({Don't play} 36. Bxa6 $6 Rxc2 37. Rf1 e2 $16) 36... a5 $2 {[#]} (36... Rd8 $18 37. Rxd8+ Bxd8) 37. Rh1 $1 {[%mdl 512] White mates.} h5 38. Bxg6 Rc8 39. Rxh5+ Kg8 40. Bh7+ Kf8 41. Bf5 {Accuracy: White = 69%, Black = 44%.} 1-0

[Event "32nd GER-ch Seniors-50 2020"]
[Site "Magdeburg"]
[Date "2020.08.15"]
[Round "2.5"]
[White "Noldt, Torsten"]
[Black "Vatter, Hans-Joachim"]
[Result "0-1"]
[WhiteElo "2002"]
[BlackElo "2204"]
[Annotator "TA"]
[PlyCount "76"]
[EventDate "2020.08.14"]
[EventType "swiss"]
[EventCountry "GER"]
[SourceTitle "playchess.com"]
[Source "ChessBase"]
[SourceQuality "1"]

{[%evp 9,76,-58,-46,-52,-41,-57,-60,-57,-49,-52,-48,-89,-90,-80,-83,-77,-26,-54,-65,-69,-56,-106,-83,-137,-116,-150,-138,-224,-32,-49,-67,-68,-60,-70,-56,-152,-87,-80,-81,-281,-287,-516,-500,-677,-105,-117,-102,-210,-186,-487,-473,-602,-599,-651,-583,-1650,-321,-843,-576,-1466,-1041,-870,-584,-537,-533,-29977,-29978,-29974,-29972]} 1. Nf3 c5 2. g3 Nc6 3. b3 e5 4. d3 d5 5. Bb2 f6 6. Nbd2 {A04: Unusual lines after 1 Nf3 and King's Indian Attack.} Be6 {[#]} 7. c3 $146 ({Predecessor:} 7. Bg2 Nh6 8. O-O Nf7 9. a3 Be7 10. c4 d4 11. Ne1 Qd7 12. e4 O-O 13. f4 {½-½ (27) Bertolin Escriche,T (1697)-Padin Jimenez,O (1547) Barcelona 2020}) 7... Qd7 8. a3 {Black is slightly better.} d4 9. cxd4 cxd4 10. h4 Nge7 11. Rc1 Nd5 12. Ne4 b6 (12... Be7 $17) 13. Bg2 Be7 14. O-O O-O 15. b4 h6 16. Kh2 (16. e3 $142) 16... Rac8 17. Rh1 f5 18. b5 (18. Ned2 $17 b5 19. Qe1 {[%mdl 64] Remove Defender}) 18... fxe4 $2 (18... Na5 $19 19. Ned2 Qxb5) 19. bxc6 $15 Qd6 $36 {[%mdl 2048] Black has the initiative.} 20. dxe4 Nf6 21. Rf1 Rxc6 22. Qa4 ({White should play} 22. Ne1 $15) 22... Rxc1 ({Black should try} 22... b5 $1 {[%cal Rb5a4]} 23. Rxc6 bxa4 24. Rxd6 Bxd6) 23. Rxc1 $17 Nxe4 24. Qxa7 $2 (24. Rc6 $17 Qd5 25. Nxe5 $1 {[%mdl 512]} Qxe5 26. Bxd4) 24... Nxf2 $19 25. Rc7 $2 (25. Qc7 {might work better.}) 25... Bf6 {aiming for ...e4.} 26. Nd2 {[#]} Rf7 $2 (26... e4 $1 $19 {[%mdl 512] and Black stays clearly on top.} 27. Nf1 (27. Nxe4 Nxe4) 27... Nd1) 27. Rxf7 $17 Bxf7 28. Bf3 (28. Ne4 $17 Ng4+ 29. Kg1) 28... Bd5 $19 {...e4 is the strong threat.} 29. Kg2 $2 (29. Qa4 {is a better chance.}) 29... Nd1 30. Ba1 Qc6 31. Bxd5+ Qxd5+ 32. Kh2 Nf2 $2 (32... d3 33. Nf3 Ne3 34. Qb8+ Kh7 35. Qxb6 d2 36. Qxe3 d1=Q) 33. Nf3 $2 (33. Kg1 Ne4 34. Nxe4 Qxe4 35. Qa6) 33... e4 34. Ne1 e3 {[%csl Gf2][%cal Rd5h1]} 35. Nf3 Qf5 36. Qa8+ Kh7 {( -> ...Qh3+)} 37. Ng1 Ne4 38. Nf3 Be5 {Accuracy: White = 31%, Black = 55%.} 0-1

[Event "32nd GER-ch Seniors-50 2020"]
[Site "Magdeburg"]
[Date "2020.08.15"]
[Round "2.6"]
[White "Heid, Michael"]
[Black "Pitschka, Claus"]
[Result "0-1"]
[WhiteElo "1951"]
[BlackElo "2158"]
[Annotator "TA"]
[PlyCount "79"]
[EventDate "2020.08.14"]
[EventType "swiss"]
[EventCountry "GER"]
[SourceTitle "playchess.com"]
[Source "ChessBase"]
[SourceQuality "1"]

{[%evp 9,79,4,5,0,5,0,29,0,0,-39,-27,-39,-44,-38,-18,-22,-25,-63,-54,-53,-43,-45,-38,-47,-29,-81,-67,-109,-65,-97,-97,-103,-111,-117,-34,-48,-32,-40,-18,-33,-39,-359,-347,-335,-75,-77,-71,-337,-193,-196,-100,-214,-88,-82,-45,-96,-89,-132,-108,-126,-93,-100,-100,-88,-87,-114,-123,-215,-215,-250,-234,-226]} 1. d4 d5 2. Bf4 Nf6 3. c3 Bf5 4. e3 e6 5. Qb3 Qc8 6. Nf3 {D00: 1 d4 d5: Unusual lines.} Be7 7. Nbd2 O-O 8. Be2 {White has an edge.} c5 {[#]} 9. dxc5 $146 ({Predecessor:} 9. Ne5 cxd4 10. exd4 Nc6 11. g4 Be4 12. f3 Bg6 13. Nxg6 fxg6 14. Bg3 Bd8 15. O-O {½-½ (44) Berkes,F (2648)-Ivanisevic,I (2633) Zuerich 2017}) 9... Nbd7 10. Bd6 Nxc5 11. Bxc5 Bxc5 12. Nd4 Bg6 13. N2f3 h6 14. O-O Qc7 15. Nb5 Qe7 $36 {[%mdl 2048] White is under pressure.} 16. Ne5 Be4 17. h3 (17. Nd3 $11) 17... Rac8 $17 18. a4 Rfd8 19. Rad1 a6 20. Nd4 Bd6 21. Ng4 Nxg4 (21... Nd7 $17 {Strongly threatening ...h5.} 22. f4 e5 23. fxe5 Nxe5) 22. Bxg4 $15 Bb8 23. Rd2 Rc4 24. g3 Qg5 {aiming for ...Bxg3!} 25. Bxe6 $2 {[%mdl 8192]} (25. Qd1 $15) 25... Bxg3 $19 ({Weaker is} 25... fxe6 26. Nxe6 Qf6 27. Qxc4 $19) 26. Bg4 Bb8 $2 (26... h5 $19 {is more deadly.} 27. Nf3 Qh6 28. Qxc4 hxg4 29. Rxd5 (29. Qxe4 $2 dxe4 30. Rxd8+ Kh7 $19) 29... Bxd5 30. Qxg4 Bc7) 27. f4 $17 Qh4 {[#] ( -> ...Qg3+)} 28. Nf3 $2 {[%mdl 8192]} (28. Kh2 $17) 28... Qe7 (28... Qg3+ $2 29. Rg2 $18) (28... Bxf3 $142 29. Bxf3 Ba7) 29. Nd4 Ba7 (29... Bg6 $19 30. Re2 Bd3 {[%mdl 64] Skewer}) 30. Rdf2 (30. Kh2 $17) 30... f5 (30... Bd3 $19 31. Re1 Bxd4 32. cxd4 Be4) 31. Bf3 Bxd4 32. exd4 (32. Bxe4 $1 $15 Qxe4 33. exd4) 32... Qd7 33. Bd1 Rc6 34. Kh2 Rg6 35. Bh5 Rf6 36. Rg1 Kh7 37. Bf3 Qc7 38. Bxe4 (38. Bg2 $17 {might work better.}) 38... fxe4 $19 ({Resist} 38... dxe4 39. Kh1 $17) 39. Rg3 Rd7 ({Not} 39... Rxf4 40. Rxf4 Qxf4 41. Qxb7 $15 {[%mdl 64] Double Attack}) 40. Qd1 {Accuracy: White = 46%, Black = 56%.} 0-1

[Event "32nd GER-ch Seniors-50 2020"]
[Site "Magdeburg"]
[Date "2020.08.15"]
[Round "2.7"]
[White "Steiger, Michael"]
[Black "Loew, Gerald"]
[Result "0-1"]
[WhiteElo "1982"]
[BlackElo "2152"]
[Annotator "TA"]
[PlyCount "59"]
[EventDate "2020.08.14"]
[EventType "swiss"]
[EventCountry "GER"]
[SourceTitle "playchess.com"]
[Source "ChessBase"]
[SourceQuality "1"]

{[%evp 16,59,50,41,75,39,55,50,47,48,71,43,70,31,38,35,42,20,41,6,14,14,6,-8,0,-42,-38,-226,-221,-294,-283,-316,-316,-337,-226,-468,-478,-513,-513,-799,-789,-772,-771,-731,-539,-463]} 1. Nf3 d6 2. d4 Nf6 3. c4 Nbd7 4. Nc3 e5 5. e4 Be7 6. Be2 O-O 7. O-O c6 8. Re1 a6 9. a3 Qc7 {A55: Old Indian Defence with Nf3 and e4.} 10. Bg5 {[#]} h6 $146 ({Predecessor:} 10... Re8 11. Bf1 h6 12. Bh4 Nh7 13. Bg3 Ng5 14. Nh4 Ne6 15. Nf5 Bf6 16. Ne2 a5 17. Qc2 {1-0 (39) Vallejo Pons,F (2674)-Garcia Castro,P (2390) Leon 2006}) 11. Be3 Re8 {White is slightly better.} 12. Qc2 Bf8 13. h3 b6 14. b4 Bb7 15. dxe5 dxe5 16. Qb3 c5 17. Nd5 Bxd5 18. exd5 e4 19. Nh2 Bd6 $36 {[%mdl 2048] Black has the initiative.} 20. Ng4 Nh7 21. Qb2 $2 {[#]} (21. Bc1 $15) 21... h5 $1 $19 22. Bh6 {[%csl Gh6][%cal Rb2g7]} Ne5 23. Ne3 gxh6 24. Nf5 Bf8 25. Bxh5 $2 {[#]} (25. Qd2) 25... Nd3 {Black is clearly winning.} 26. Qe2 Qf4 27. Bxf7+ (27. Qg4+ $142 Qxg4 28. Bxg4) 27... Kxf7 28. Qh5+ Kf6 29. Ne3 Qxf2+ 30. Kh1 {Black took control after the opening. Accuracy: White = 30%, Black = 89%.} 0-1

[Event "32nd GER-ch Seniors-50 2020"]
[Site "Magdeburg"]
[Date "2020.08.15"]
[Round "2.8"]
[White "Schatz, Christian"]
[Black "Ulrich, Karl-Heinz"]
[Result "1-0"]
[WhiteElo "2162"]
[BlackElo "1981"]
[Annotator "TA"]
[PlyCount "51"]
[EventDate "2020.08.14"]
[EventType "swiss"]
[EventCountry "GER"]
[SourceTitle "playchess.com"]
[Source "ChessBase"]
[SourceQuality "1"]

{[%evp 19,51,25,14,-1,26,21,35,20,33,28,44,36,120,115,157,151,207,219,214,113,124,82,474,466,483,466,471,462,512,416,581,580,783,754]} 1. Nf3 Nf6 2. c4 e6 3. g3 b6 4. Bg2 Bb7 5. O-O Be7 6. d4 O-O 7. Qc2 c5 8. dxc5 bxc5 9. Nc3 d5 10. cxd5 exd5 11. e3 {E18: Queen's Indian: Old Main Line (4 g3 Bb7 5 Bg2 Be7 6 0-0 0-0 7 Nc3).} Nbd7 12. Rd1 Qc7 13. b3 {White is slightly better.} Rfd8 14. Bb2 {[#]} Rac8 $146 ({Predecessor:} 14... Nb6 15. Qe2 a5 16. Rac1 a4 17. Qc2 axb3 18. axb3 Nbd7 {½-½ (18) Yakir,L-Chaikovskaia,A Moscow 1959}) 15. Rac1 h6 {[#]} (15... Qb8 $14) 16. Nh4 $1 $16 Nf8 17. Nf5 Ne6 (17... Ng6 $16 {keeps fighting.} 18. Na4 c4) 18. Nb5 $18 Qd7 19. Nxa7 (19. Bxf6 $18 Bxf6 20. Nbd6) 19... Ra8 $16 20. Nb5 {[%mdl 64] Deflection} Qxb5 $2 {[%mdl 8192] Loses the game.} (20... d4 $16 {is tougher.}) 21. Nxe7+ $18 Kf8 22. Bxf6 gxf6 23. Nxd5 Bxd5 24. Rxd5 Kg7 25. Rf5 Rac8 {[#]} 26. Qb2 $1 {Accuracy: White = 85%, Black = 27%.} 1-0

[Event "32nd GER-ch Seniors-50 2020"]
[Site "Magdeburg"]
[Date "2020.08.16"]
[Round "3.1"]
[White "Lundin, Jan"]
[Black "Vatter, Hans-Joachim"]
[Result "1-0"]
[WhiteElo "2321"]
[BlackElo "2204"]
[Annotator "TA"]
[PlyCount "92"]
[EventDate "2020.08.14"]
[EventType "swiss"]
[EventCountry "GER"]
[SourceTitle "playchess.com"]
[Source "ChessBase"]
[SourceQuality "1"]

{[%evp 12,92,-5,-22,33,33,46,-13,-10,-23,-18,-19,0,-39,-16,-17,7,0,8,-27,-23,-91,-94,-92,-97,-95,-90,-110,-81,-90,-90,-173,-170,-164,-159,-257,-254,-260,-237,-222,-226,-219,-226,-206,-191,-175,-194,-217,-207,-894,-218,-210,-200,-185,-200,-254,-245,-225,-236,-226,-85,-379,-371,-378,-375,-343,-82,-292,-231,-210,-190,-146,-20,-20,-20,-20,12835,5693,12841,12842,12844,12844,12843]} 1. f4 Nf6 2. Nf3 g6 3. d3 d5 4. g3 c5 5. Bg2 Bg7 6. O-O O-O 7. c3 $1 {The main line 7.c3 scores better than 7.Qe1.} b5 {[#] A03: Bird's Opening with 1...d5.} (7... Nc6 $11) 8. e4 $1 $14 {[%mdl 512] [#]} dxe4 $146 ({Predecessor:} 8... Bb7 9. e5 Ne8 10. Be3 Nd7 11. Na3 Qb6 12. b4 a5 13. bxc5 Nxc5 14. Rb1 b4 15. Nc2 Qb5 16. cxb4 Na4 17. bxa5 Qa6 18. Qd2 Bc6 19. Nb4 Qb5 20. Nd4 {1-0 (20) Cabrero de Cabo,M (2102)-Pousada Garcia,V (1913) Cartagena 2007}) 9. Ng5 ({White should try} 9. dxe4 $14 Bb7 10. e5) 9... Bb7 {The position is equal.} 10. Nd2 {[%cal Rd2e4]} Nbd7 11. Ndxe4 Qc7 12. Qc2 Rad8 13. a4 c4 {Threatens to win with ...cxd3.} 14. d4 $1 b4 15. a5 h6 16. Nh3 (16. Nxf6+ $11 Nxf6 17. Bxb7 Qxb7 18. Nf3) 16... Nxe4 17. Bxe4 Bxe4 18. Qxe4 Nf6 19. Qf3 e6 20. Nf2 Rb8 21. f5 (21. Bd2 $17 {is a better defense.}) 21... exf5 $19 ({But not} 21... gxf5 22. Bf4 $15) 22. Bf4 Qb7 23. Qe3 (23. Qxb7 $17 Rxb7 24. Bd6) 23... Nd5 24. Qc1 {[#]} bxc3 $1 {[%mdl 512]} 25. bxc3 Rbe8 26. Bd2 Re2 {And now ...Nf6 would win.} 27. Re1 Rfe8 28. Rxe2 Rxe2 29. a6 Qc6 30. Ra5 $2 {[#]} (30. Qd1 Qe8 31. Kf1 Ne3+ 32. Bxe3 Rxe3 33. Qd2) 30... Bf8 $2 (30... Nb4 $1 {[%mdl 512]} 31. Be3 (31. cxb4 Bxd4) 31... Nd3) 31. Qd1 {[#]} Nxc3 $1 $40 {[%mdl 704] Decoy. Black has strong attack.} 32. Bxc3 {[#]} Qf3 $1 {[%csl LRc3,LRf2][%mdl 576] Double Attack} 33. Qf1 Qxc3 34. Qxe2 Qxa5 35. Qxc4 Bg7 (35... Qd2 $19 {and Black stays clearly on top.} 36. Kf1 Bg7) 36. d5 $2 {[%mdl 8192]} (36. Qc8+ $17 {was the only chance.} Bf8 37. Qc4) 36... Qd2 37. Qd3 Qxd3 38. Nxd3 {[%mdl 4096] Endgame [#] KB-KN} Kf8 $2 (38... Bc3 $1 $19 {has better winning chances. Hoping for ...Kf8.} 39. Kg2 Kf8) 39. Kf1 $2 (39. Nb4 $17 {was the only defense.} Ke7 40. Kg2) 39... Bd4 40. Nb4 Bb6 41. Nc6 {[#]} f6 (41... Ke8 $1 $17 42. Ne5 Bd4) 42. d6 $1 $11 {[%cal Rd6d7] Black must now prevent d7.} Ke8 43. Ne7 Kf7 $2 {[%mdl 8192]} (43... Kd7 $11) 44. Nc8 $18 {White is clearly winning.} Ba5 45. Nxa7 Ke6 46. Nc8 Kd5 {Accuracy: White = 62%, Black = 58%.} 1-0

[Event "32nd GER-ch Seniors-50 2020"]
[Site "Magdeburg"]
[Date "2020.08.16"]
[Round "3.2"]
[White "Becker, Michael"]
[Black "Pitschka, Claus"]
[Result "1/2-1/2"]
[WhiteElo "2275"]
[BlackElo "2158"]
[Annotator "TA"]
[PlyCount "88"]
[EventDate "2020.08.14"]
[EventType "swiss"]
[EventCountry "GER"]
[SourceTitle "playchess.com"]
[Source "ChessBase"]
[SourceQuality "1"]

{[%evp 9,88,12,20,14,13,20,39,29,31,19,24,27,16,10,29,12,25,-4,0,-19,0,0,8,7,0,0,33,27,33,-15,0,-7,0,0,0,0,0,0,18,15,34,35,106,115,109,114,150,100,208,197,198,98,377,395,375,345,311,101,118,0,196,197,208,0,0,0,0,0,0,0,0,0,7,0,0,0,0,0,8,0,0]} 1. e4 e6 2. d3 d5 3. Qe2 dxe4 4. dxe4 e5 5. Nf3 Nd7 6. g3 {C00: French: Unusual White 2nd moves.} Ngf6 7. Bg2 Bc5 8. O-O {White is slightly better.} O-O 9. Nh4 c6 {[#]} 10. a4 $146 ({Predecessor:} 10. Nd2 a5 11. Nb3 Bb6 12. Rd1 a4 13. Nd2 Bc5 14. Nc4 Qc7 15. Bg5 b5 16. Nd2 {½-½ (48) Zarnicki,P (2515)-Iermito,S (2339) Berazategui 2008}) 10... a5 11. Rd1 Qc7 12. Nd2 Rd8 13. Nf1 Nf8 14. Bg5 Bg4 15. Bf3 Bxf3 16. Qxf3 Rxd1 17. Rxd1 N6d7 18. Nf5 Ne6 19. Be3 (19. Qg4 $5 {[%cal Rf5g7]} g6 20. Nh6+ Kg7 21. h4 $11) 19... Rd8 20. h4 Bxe3 21. N1xe3 Ndc5 22. Rxd8+ Qxd8 23. Nc4 Nxa4 24. Nxe5 Qc7 25. Nd3 Nac5 (25... Nb6 $14) 26. Nxc5 $16 Nxc5 {[#]} 27. Nxg7 $1 {[%mdl 512]} Qe5 (27... Kxg7 28. Qc3+) 28. Nh5 Qxb2 (28... Kf8 $16) 29. Qf5 $18 {[%cal Rf5c8]} Ne6 30. Nf6+ (30. Qxa5 $18 Kf8 31. Qa8+ Ke7 32. Qb8) 30... Kg7 $2 {[%mdl 8192]} (30... Kf8 $16) 31. e5 Qc1+ 32. Kg2 Qh6 33. Qd3 $2 (33. h5 $18 {is more deadly.}) 33... Qg6 $16 {[#] And now ...Nf4+ would win.} 34. Qd6 (34. Qf3 $16) 34... a4 $2 (34... Qf5 $11 {and Black has nothing to worry.}) 35. Qb8 $18 a3 36. h5 $2 ({White should play} 36. Qg8+ $18 Kh6 37. Qa8) 36... Nf4+ $1 $11 {The position is equal.} 37. Kf3 Nxh5 38. Qg8+ Kh6 39. Ng4+ Kg5 $1 40. Qd8+ Kf5 $1 $132 {[%mdl 2048] Black is fighting back} 41. Qd3+ Kg5 {...Qxd3+ is the strong threat.} 42. Qd2+ Kf5 43. Qd3+ Kg5 {aiming for ...Qxd3+.} 44. Qd2+ Kf5 {Blacks defense is rewarded with a draw. Accuracy: White = 72%, Black = 72%.} 1/2-1/2

[Event "32nd GER-ch Seniors-50 2020"]
[Site "Magdeburg"]
[Date "2020.08.16"]
[Round "3.3"]
[White "Koehler, Gerhard"]
[Black "Schatz, Christian"]
[Result "0-1"]
[WhiteElo "2213"]
[BlackElo "2162"]
[Annotator "ChessBase"]
[PlyCount "56"]
[EventDate "2020.08.14"]
[EventType "swiss"]
[EventCountry "GER"]
[SourceTitle "playchess.com"]
[Source "ChessBase"]
[SourceQuality "1"]
[TimeControl "40/5400+30:1800+30"]

1. c4 {[%emt 0:00:01]} c5 {[%emt 0:00:00]} 2. g3 {[%emt 0:00:14]} g6 {[%emt 0:00:03]} 3. Bg2 {[%emt 0:00:18]} Bg7 {[%emt 0:00:05]} 4. Nc3 {[%emt 0:00:16]} Nc6 {[%emt 0:00:09]} 5. a3 {[%emt 0:01:10]} Nf6 {[%emt 0:00:49]} 6. Rb1 {[%emt 0:00:23]} a5 {[%emt 0:01:50]} 7. d3 {[%emt 0:01:14]} O-O {[%emt 0:00:27]} 8. Nf3 {[%emt 0:01:19]} d5 {[%emt 0:03:54]} 9. cxd5 {[%emt 0:00:15]} Nxd5 {[%emt 0:00:05]} 10. Bd2 {[%emt 0:00:44]} e6 {[%emt 0:03:22]} 11. h4 {[%emt 0:02:03]} Nf6 {[%emt 0:03:46]} 12. Rc1 {[%emt 0:11:52]} Bd7 {[%emt 0:01:34]} 13. Bf4 {[%emt 0:01:38]} Re8 {[%emt 0:04:27]} 14. Nb5 {[%emt 0:12:02]} e5 {[%emt 0:05:04]} 15. Bd2 {[%emt 0:00:31]} e4 {[%emt 0:03:37]} 16. dxe4 {[%emt 0:04:43]} Nxe4 {[%emt 0:00:12]} 17. Bf4 {[%emt 0:00:04]} Rc8 {[%emt 0:05:49]} 18. Ng5 {[%emt 0:04:06]} Bf5 {[%emt 0:09:57]} 19. Nxe4 {[%emt 0:03:39]} Bxe4 {[%emt 0:00:32]} 20. Bxe4 {[%emt 0:00:07]} Rxe4 {[%emt 0:00:53]} 21. Nd6 {[%emt 0:00:51]} Rd4 {[%emt 0:00:37]} 22. Qb3 {[%emt 0:03:22]} Rxd6 {[%emt 0:02:00]} 23. Bxd6 {[%emt 0:00:09]} Qxd6 {[%emt 0:00:17]} 24. Qxb7 {[%emt 0:00:04]} Rb8 {[%emt 0:02:24]} 25. Qa6 {[%emt 0:00:24]} Bxb2 {[%emt 0:02:59]} 26. O-O {[%emt 0:00:09]} Bxc1 {[%emt 0:00:37]} 27. Rxc1 {[%emt 0:00:02]} Rb2 {[%emt 0:05:23]} 28. e3 {[%emt 0:01:53]} Rd2 {[%emt 0:02:24]} 0-1